000 00782nam a2200205 a 4500
003 0
005 20250305160146.0
008 090706s19uu xx 00 eng d
050 _aPGS TD 883.15
_b.R175 2009
100 _aRamos, Pristine Gabrielle A.
245 _aDetermination of ozone levels in different areas of Luxembourg campus, SISC /
_cPristine Gabrielle A. Ramos.
260 _aLas PiƱas City, Philippines :
_bSouthville International School and Colleges,
_c2009.
300 _a29 pages :
_billustrations ;
_c28 cm.
504 _aIncludes bibliographical references.
650 _aOzone
_vMeasurement.
650 _aAir quality monitoring.
650 _aAir pollution
_vMeasurement.
650 _aAtmospheric ozone
_vEnvironmental aspects.
942 _2lcc
_cPASS
999 _c98200
_d98200